000 01278nam a2200277 i 4500
001 000048272
003 DO-SdBNP
005 20250407101709.0
007 ta
008 181211s2016 dr abc 000 m spa d
040 _aDO-SdBNP
_bspa
_cBNPHU
_erda
082 4 _axxxx
_bxxx
_222
100 1 _aRivera, Rosanna,
_eautor
_4aut.
_975705
245 1 0 _aEspacios sagrados :
_binspirados por la fe para venerar, meditar y celebrar en la Ciudad Colonial de Santo Domingo /
_ctextos, Rosanna Rivera, Martha Lugo, María Teresa Ruiz de Catrain ; illustración, Julián Amado
246 _aSacred spaces : in which to venerate, meditate and celebrate, inspired by faith in the colonial city of Santo Domingo.
_bin which to venerate, meditate and celebrate, inspired by faith in the colonial city of Santo Domingo.
264 1 _aSanto Domingo :
_bBanReservas,
_c2016.
300 _a184 páginas :
_bilustraciones, mapas, retratos ;
_c32 cm.
336 _atexto
_btxt
_2rdacontent
337 _asin mediación
_bn
_2rdamedia
338 _avolumen
_bnc
_2rdacarrier
590 _aInventariado, 2019/LP
700 1 _aLugo, Martha,
_eautor
_4aut.
_943160
700 1 _aRuiz de Catrain, María Teresa,
_eautor
_4aut.
_922649
700 1 _aAmado, Julián
_eilustrador
_975706
_4il.
942 _2ddc
_cLBS1
999 _c47760
_d47760